Communication : (Record no. 18377)
[ view plain ]
| 000 -LEADER | |
|---|---|
| fixed length control field | 01011cam a2200301 a 4500 |
| 001 - CONTROL NUMBER | |
| control field | 12104381 |
| 005 - DATE AND TIME OF LATEST TRANSACTION | |
| control field | 20140921152224.0 |
| 008 - FIXED-LENGTH DATA ELEMENTS--GENERAL INFORMATION | |
| fixed length control field | 000712r20002006xxka fr2b 001 0 eng d |
| 010 ## - LIBRARY OF CONGRESS CONTROL NUMBER | |
| LC control number | 99072931 |
| 020 ## - INTERNATIONAL STANDARD BOOK NUMBER | |
| International Standard Book Number | 0803978367 |
| 020 ## - INTERNATIONAL STANDARD BOOK NUMBER | |
| International Standard Book Number | 0803978375 (pbk.) |
| 020 ## - INTERNATIONAL STANDARD BOOK NUMBER | |
| International Standard Book Number | 9780803978379 |
| 040 ## - CATALOGING SOURCE | |
| Original cataloging agency | DLC |
| Transcribing agency | DLC |
| Modifying agency | DLC |
| -- | EG-ScBUE |
| 082 00 - DEWEY DECIMAL CLASSIFICATION NUMBER | |
| Classification number | 302.2 |
| Edition number | 22 |
| Item number | ROS |
| 100 1# - MAIN ENTRY--PERSONAL NAME | |
| Personal name | Rosengren, Karl Erik |
| 9 (RLIN) | 36063 |
| 245 10 - TITLE STATEMENT | |
| Title | Communication : |
| Remainder of title | an introduction / |
| Statement of responsibility, etc | Karl Erik Rosengren. |
| 250 ## - EDITION STATEMENT | |
| Edition statement | 1st ed., |
| Remainder of edition statement | reprinted. |
| 260 ## - PUBLICATION, DISTRIBUTION, ETC. (IMPRINT) | |
| Place of publication, distribution, etc | London ; |
| -- | Thousand Oaks, United Kingdom ; |
| -- | New Delhi : |
| Name of publisher, distributor, etc | Sage Publications, |
| Date of publication, distribution, etc | 2000 |
| Place of manufacture | (Milton Keynes, United Kingdom : |
| Manufacturer | Lightning Source Ltd.) |
| 300 ## - PHYSICAL DESCRIPTION | |
| Extent | xii, 219 p. : |
| Other physical details | ill. ; |
| Dimensions | 24 cm. |
| 500 ## - GENERAL NOTE | |
| General note | Reprint of the 2000 ed. |
| 500 ## - GENERAL NOTE | |
| General note | Indexes : p. [212] -219. |
| 500 ## - GENERAL NOTE | |
| General note | Reprinted 2003, 2006 (twice) |
| 504 ## - BIBLIOGRAPHY, ETC. NOTE | |
| Bibliography, etc | Bibliography : p. [206]-211. |
| 650 #0 - SUBJECT ADDED ENTRY--TOPICAL TERM | |
| Topical term or geographic name as entry element | Communication |
| 9 (RLIN) | 13476 |
| 653 ## - INDEX TERM--UNCONTROLLED | |
| Arrived date list | September2014 |
| Resource For college | Communication and mass media |
| 655 ## - INDEX TERM--GENRE/FORM | |
| Form subdivision | |
| -- | 33728 |
| 942 ## - ADDED ENTRY ELEMENTS (KOHA) | |
| Source of classification or shelving scheme | Dewey Decimal Classification |
| Call number prefix | 302.2 ROS |
| Withdrawn status | Item status | Source of classification or shelving scheme | Damaged status | Not for loan | Vendor | Home library | Current library | Shelving location | Date acquired | Source of acquisition | Cost, normal purchase price | Total Checkouts | Full call number | Barcode | Date last seen | Cost, replacement price | Koha item type | Total Renewals | Date last borrowed | Materials specified (bound volume or other part) |
|---|---|---|---|---|---|---|---|---|---|---|---|---|---|---|---|---|---|---|---|---|
| Dewey Decimal Classification | Baccah | Central Library | Central Library | First floor | 14/09/2014 | Purchase | 260.00 | 302.2 ROS | 000036091 | 15/07/2025 | 325.00 | NB - Book (Non borrowing) | ||||||||
| Dewey Decimal Classification | Baccah | Central Library | Central Library | First floor | 14/09/2014 | Purchase | 260.00 | 6 | 302.2 ROS | 000035620 | 15/07/2025 | 325.00 | Book - Borrowing | 1 | 09/12/2019 | |||||
| Dewey Decimal Classification | Baccah | Central Library | Central Library | First floor | 15/09/2014 | Purchase | 260.00 | 7 | 302.2 ROS | 000035624 | 15/07/2025 | 325.00 | Book - Borrowing | 13 | 05/12/2017 | |||||
| Lost | Dewey Decimal Classification | Baccah | Central Library | Central Library | First floor | 15/09/2014 | Purchase | 260.00 | 302.2 ROS | 000035625 | 15/09/2014 | 325.00 | Book - Borrowing | Lost In Inventory_2015-8-23 | ||||||
| Dewey Decimal Classification | Baccah | Central Library | Central Library | First floor | 21/09/2014 | Purchase | 260.00 | 9 | 302.2 ROS | 000036248 | 15/07/2025 | 325.00 | Book - Borrowing | 11 | 12/10/2019 | |||||
| Dewey Decimal Classification | Baccah | Central Library | Central Library | First floor | 21/09/2014 | Purchase | 260.00 | 11 | 302.2 ROS | 000036249 | 15/07/2025 | 325.00 | Book - Borrowing | 25 | 10/11/2021 | |||||
| Dewey Decimal Classification | Baccah | Central Library | Central Library | First floor | 21/09/2014 | Purchase | 260.00 | 5 | 302.2 ROS | 000036250 | 15/07/2025 | 325.00 | Book - Borrowing | 6 | 24/12/2017 | |||||
| Dewey Decimal Classification | Baccah | Central Library | Central Library | First floor | 21/09/2014 | Purchase | 260.00 | 7 | 302.2 ROS | 000036251 | 15/07/2025 | 325.00 | Book - Borrowing | 9 | 02/01/2018 | |||||
| Dewey Decimal Classification | Baccah | Central Library | Central Library | First floor | 21/09/2014 | Purchase | 260.00 | 9 | 302.2 ROS | 000036252 | 15/07/2025 | 325.00 | Book - Borrowing | 19 | 15/11/2021 | |||||
| Dewey Decimal Classification | Baccah | Central Library | Central Library | First floor | 21/09/2014 | Purchase | 260.00 | 8 | 302.2 ROS | 000036253 | 15/07/2025 | 325.00 | Book - Borrowing | 27 | 27/09/2020 |